000 00555nam a2200193 i 4500
001 bg
100 1 _aNowotny, Wacław.
245 1 0 _aPodstawy technologii szkła.
_nCz. 1 /
_cWacław Nowotny.
260 _aWarszawa :
_bPaństwowe Wydawnictwa Szkolnictwa Zawodowego,
_c1963.
300 _a274, [1] s. :
_bil. ;
_c21 cm.
650 9 _aSzkło
_xtechnologia
655 _aPodręczniki dla szkół zawodowych
040 _cBPK
041 _apol
044 _aPOL
080 _a666.1/.2(075.3)
942 _cKS
008 s pl f |000 0 pol
999 _c50783
_d50783
856 _uhttp://koha.tu.koszalin.pl/cgi-bin/koha/opac-detail.pl?biblionumber=50783
_yKatalog online BPK